000 00628nam a2200169 4500
001 168547
003 ES-MaACL
005 20230906213822.0
008 080421q1910 gw af |||| | ger d
100 1 _aFischbach, Friedrich (
_d1839-1908)
_950971
245 1 0 _aGögginger neue Häkelund Knüpfmuster :
_b: 70 tafeln mit text und technische Anleitungen /
_cherausgegeben von Friedrich Fischbach.
260 _aWiesbaden :
_bH. Heuss :,
_c[ca. 1910]
300 _a1 carpeta :
_b46 p., 24 h. de lám. col. ;
_c24 cm.
650 4 _aEstampado textil.
_9146964
650 4 _aTejidos-
_xHistoria.
_9146965
852 4 _aES-MaACL
_jG-385
999 _c168547
_d168547